[Event "Budapest FS03 IM-2"]
[Site "Budapest"]
[Date "2024.03.20"]
[Round "6"]
[White "Devnani, Kush"]
[Black "Sahithi Varshini, M."]
[Result "0-1"]
[WhiteElo "2230"]
[BlackElo "2213"]
[PlyCount "94"]
[EventDate "2024.03.14"]
[EventType "tourn"]
[EventRounds "9"]
[EventCountry "HUN"]
[SourceTitle "CB15_2024"]
[SourceDate "2024.04.10"]
[SourceVersion "1"]
[SourceVersionDate "2024.04.10"]
[SourceQuality "1"]

1. d4 Nf6 2. c4 e6 3. Nf3 Bb4+ 4. Bd2 Qe7 5. e3 0-0 6. Bd3 Bxd2+ 7. Qxd2 d6 8. Nc3 e5 9. Bc2 c6 10. 0-0 Re8 11. e4 Na6 12. h3 Nc7 13. Rad1 Nh5 14. dxe5 dxe5 15. Qd6 Qxd6 16. Rxd6 Nf4 17. Nd1 f6 18. Ne3 Be6 19. Rfd1 a5 20. h4 Na6 21. g3 Ng6 22. Ne1 Nc5 23. f3 Nf8 24. Kf2 g6 25. R1d2 Kf7 26. f4 Ke7 27. Nf3 Nfd7 28. f5 gxf5 29. exf5 Bf7 30. Ng1 h5 31. Ne2 Nb6 32. Rd1 Nxc4 33. Nxc4 Bxc4 34. Nc3 Rad8 35. Rxd8 Rxd8 36. Rxd8 Kxd8 37. Ke3 Ke7 38. Bd1 Bf7 39. Bf3 Na6 40. a3 Nc7 41. Kd2 Ne8 42. g4 hxg4 43. Bxg4 Nd6 44. Nd1 Kf8 45. Kc3 Kg7 46. Ne3 Kh6 47. a4 Ne4+ 0-1

[Event "Rilton Cup 51st"]
[Site "Stockholm"]
[Date "2024.01.02"]
[Round "6"]
[White "Devnani, Kush"]
[Black "Kenneskog, Theodor"]
[Result "1-0"]
[WhiteElo "2210"]
[BlackElo "2364"]
[PlyCount "71"]
[EventDate "2023.12.27"]
[EventType "swiss"]
[EventRounds "9"]
[EventCountry "SWE"]
[SourceTitle "CB02_2024"]
[SourceDate "2024.01.10"]
[SourceVersion "1"]
[SourceVersionDate "2024.01.10"]
[SourceQuality "1"]

1. d4 Nf6 2. c4 e6 3. Nf3 d5 4. Nc3 c5 5. cxd5 Nxd5 6. e4 Nxc3 7. bxc3 cxd4 8. cxd4 Bb4+ 9. Bd2 Bxd2+ 10. Qxd2 0-0 11. Rc1 b6 12. Bd3 Bb7 13. 0-0 Nc6 14. d5 exd5 15. exd5 Na5 16. d6 Qf6 17. Ng5 g6 18. Be4 Rad8 19. Rfd1 Rfe8 20. f3 Re5 21. Bxb7 Nxb7 22. Ne4 Qe6 23. Rc7 Nc5 24. Ng5 Rxg5 25. Qxg5 Rxd6 26. Qc1 Rxd1+ 27. Qxd1 Qxa2 28. Qd8+ Kg7 29. Qd4+ Kh6 30. Qf4+ Kg7 31. Qe5+ Kh6 32. h4 a5 33. Qf4+ Kg7 34. h5 Qe6 35. h6+ Kf8 36. Qd4 1-0

[Event "Budapest Vezerkepzo Autumn IM"]
[Site "Budapest"]
[Date "2023.10.25"]
[Round "7"]
[White "Varga, Csaba Zoltan"]
[Black "Devnani, Kush"]
[Result "0-1"]
[WhiteElo "2235"]
[BlackElo "2221"]
[PlyCount "60"]
[EventDate "2023.10.19"]
[EventType "tourn"]
[EventRounds "9"]
[EventCountry "HUN"]
[SourceTitle "Mega2024 Update 01"]
[Source "Chessbase"]
[SourceDate "2023.11.12"]
[SourceVersion "1"]
[SourceVersionDate "2023.11.12"]
[SourceQuality "1"]

1. c4 c6 2. d4 d5 3. Nf3 Nf6 4. a3 e6 5. Qc2 dxc4 6. Qxc4 b5 7. Qc2 Bb7 8. e4 Nbd7 9. Be3 Be7 10. Nc3 0-0 11. Bd3 g6 12. Rd1 Nb6 13. Ne5 Nfd7 14. 0-0 a6 15. f4 Nxe5 16. dxe5 Nd7 17. Qf2 c5 18. Nxb5 axb5 19. Bxb5 Bc8 20. f5 exf5 21. exf5 Qc7 22. f6 Bd8 23. Bxd7 Bxd7 24. Qf4 Kh8 25. b4 cxb4 26. axb4 Rg8 27. Qd4 Be6 28. Rf4 g5 29. Rf2 Qc4 30. Qe4 Qxe4 0-1

[Event "Budapest Vezerkepzo Autumn IM"]
[Site "Budapest"]
[Date "2023.10.24"]
[Round "6"]
[White "Devnani, Kush"]
[Black "Smith, Bryan G"]
[Result "0-1"]
[WhiteElo "2221"]
[BlackElo "2386"]
[PlyCount "80"]
[EventDate "2023.10.19"]
[EventType "tourn"]
[EventRounds "9"]
[EventCountry "HUN"]
[SourceTitle "Mega2024 Update 01"]
[Source "Chessbase"]
[SourceDate "2023.11.12"]
[SourceVersion "1"]
[SourceVersionDate "2023.11.12"]
[SourceQuality "1"]

1. d4 Nf6 2. c4 e6 3. Nf3 Bb4+ 4. Bd2 Qe7 5. e3 0-0 6. Bd3 Bxd2+ 7. Qxd2 d6 8. Nc3 e5 9. Bc2 Bg4 10. h3 Bxf3 11. gxf3 exd4 12. Qxd4 Nc6 13. Qh4 g6 14. f4 Nd4 15. 0-0-0 Nxc2 16. Kxc2 Qe6 17. Kb1 Kg7 18. Rd4 c5 19. Rd3 Qxc4 20. Rxd6 Ne4 21. Nd5 Qd3+ 22. Ka1 Rae8 23. Rd7 Qb5 24. Rc7 c4 25. Rd1 Rd8 26. Rxf7+ Rxf7 27. Qxd8 Rd7 28. Qe8 Nf6 29. Qe5 Rxd5 30. Qe7+ Kh6 31. Qf8+ Kh5 32. Rg1 Qd7 33. a3 Rd1+ 34. Rxd1 Qxd1+ 35. Ka2 Qb3+ 36. Ka1 c3 37. bxc3 Qxc3+ 38. Ka2 Qc2+ 39. Ka1 Qc3+ 40. Ka2 b5 0-1

[Event "Budapest Vezerkepzo Autumn IM"]
[Site "Budapest"]
[Date "2023.10.21"]
[Round "3"]
[White "Lohia, Sohum"]
[Black "Devnani, Kush"]
[Result "1/2-1/2"]
[WhiteElo "2177"]
[BlackElo "2221"]
[PlyCount "190"]
[EventDate "2023.10.19"]
[EventType "tourn"]
[EventRounds "9"]
[EventCountry "HUN"]
[SourceTitle "Mega2024 Update 01"]
[Source "Chessbase"]
[SourceDate "2023.11.12"]
[SourceVersion "1"]
[SourceVersionDate "2023.11.12"]
[SourceQuality "1"]

1. e4 c5 2. Nf3 d6 3. Bb5+ Nd7 4. d4 cxd4 5. Nxd4 Ngf6 6. 0-0 a6 7. Bd3 e6 8. c4 Be7 9. Nc3 0-0 10. Be3 Qc7 11. Rc1 b6 12. Re1 Bb7 13. Bb1 Rac8 14. b3 Qb8 15. h3 Qa8 16. Bd2 Rfd8 17. Qe2 Re8 18. Rcd1 g6 19. Nf3 Ne5 20. Nxe5 dxe5 21. Na4 Nd7 22. Be3 b5 23. Rxd7 bxa4 24. Qg4 Bf8 25. Red1 axb3 26. Qh4 Bc6 27. Qf6 Bxd7 28. Rxd7 Re7 29. Rxe7 Bxe7 30. Qxe7 Re8 31. Qa3 bxa2 32. Qxa2 Rd8 33. Bc2 Qb7 34. c5 Qb4 35. c6 Qc3 36. Ba4 Rd3 37. Kh2 h5 38. Bc2 Rxe3 39. fxe3 Qxc6 40. Bd3 Qc5 41. Bxa6 Qxe3 42. Qe2 Qg5 43. Qf3 h4 44. Kg1 Kg7 45. Kf2 Qd2+ 46. Be2 Qg5 47. Qg4 Qe7 48. Kg1 Qc5+ 49. Kh2 Qe7 50. Qf3 Qg5 51. Bb5 Qe7 52. Bd3 Qg5 53. Qf2 Qd8 54. Bc2 Qg5 55. Bd3 Qd8 56. Qe3 Qf6 57. Kg1 Qd8 58. Kf2 Qf6+ 59. Ke2 Qe7 60. Kf1 Qf6+ 61. Kg1 Qd8 62. Bf1 Qf6 63. Qf2 Qg5 64. Qf3 Qe7 65. Qf2 Qg5 66. Kh1 Qe7 67. Bd3 Qg5 68. Kh2 Qd8 69. Bc2 Qg5 70. Qf3 Qd8 71. Bb3 Qg5 72. Qg4 Qd8 73. Bc4 Qf6 74. Be2 Kg8 75. Qf3 Qg5 76. Bb5 Kg7 77. Be8 Qe7 78. Ba4 Qg5 79. Bd1 Kg8 80. Kh1 Kg7 81. Qd3 Qf6 82. Be2 Qg5 83. Kg1 Qc1+ 84. Bf1 Qg5 85. Kf2 Qf4+ 86. Qf3 Qg5 87. Be2 Kg8 88. Qe3 Qf6+ 89. Bf3 Kg7 90. Qc5 Qg5 91. Ke2 Qf6 92. Qd6 Qg5 93. Kd3 Kg8 94. Kc4 Qc1+ 95. Kb5 Qg5 1/2-1/2

[Event "Fagernes Autumn op"]
[Site "Fagernes"]
[Date "2023.10.14"]
[Round "8"]
[White "Sherman, Reem"]
[Black "Devnani, Kush"]
[Result "1/2-1/2"]
[WhiteElo "2299"]
[BlackElo "2221"]
[PlyCount "86"]
[EventDate "2023.10.08"]
[EventType "swiss"]
[EventRounds "9"]
[EventCountry "NOR"]
[SourceTitle "Mega2024 Update 01"]
[Source "Chessbase"]
[SourceDate "2023.11.12"]
[SourceVersion "1"]
[SourceVersionDate "2023.11.12"]
[SourceQuality "1"]

1. e4 c5 2. Nf3 d6 3. d4 cxd4 4. Nxd4 Nf6 5. Nc3 a6 6. h3 e5 7. Nf3 b5 8. a4 bxa4 9. Bc4 Be7 10. Be3 Bb7 11. Nd5 Nbd7 12. Qd3 0-0 13. Nxe7+ Qxe7 14. Nd2 Bc6 15. 0-0 Rfb8 16. f3 Bb5 17. b3 axb3 18. Nxb3 Bxc4 19. Qxc4 Rc8 20. Qd3 Nb8 21. Rfd1 Ne8 22. Ra4 Qc7 23. c4 Nd7 24. Rc1 h6 25. Kh2 Rd8 26. Qf1 Rdb8 27. Qd1 Nb6 28. Rb4 a5 29. Nxa5 Rxa5 30. Rcb1 Ra4 31. Rxa4 Nxa4 32. Rxb8 Qxb8 33. Qxa4 Nc7 34. Qc6 Ne6 35. Bb6 Kh7 36. h4 Kg8 37. g3 Kh7 38. Kg2 Kg8 39. Kf2 Kh7 40. Ke3 g5 41. hxg5 hxg5 42. Kf2 Kg7 43. Kg2 Kf6 1/2-1/2

[Event "Fagernes Autumn op"]
[Site "Fagernes"]
[Date "2023.10.11"]
[Round "4"]
[White "Southcott Moyers, Indy"]
[Black "Devnani, Kush"]
[Result "1/2-1/2"]
[WhiteElo "2022"]
[BlackElo "2221"]
[PlyCount "31"]
[EventDate "2023.10.08"]
[EventType "swiss"]
[EventRounds "9"]
[EventCountry "NOR"]
[SourceTitle "Mega2024 Update 01"]
[Source "Chessbase"]
[SourceDate "2023.11.12"]
[SourceVersion "1"]
[SourceVersionDate "2023.11.12"]
[SourceQuality "1"]

1. d4 d5 2. c4 e6 3. cxd5 exd5 4. Nc3 c6 5. Qc2 Bd6 6. Nf3 h6 7. e4 dxe4 8. Nxe4 Nf6 9. Nxd6+ Qxd6 10. Bc4 0-0 11. Bxh6 gxh6 12. Qg6+ Kh8 13. Qxh6+ Kg8 14. Qg6+ Kh8 15. Qh6+ Kg8 16. Qg6+ 1/2-1/2

[Event "Fagernes Autumn op"]
[Site "Fagernes"]
[Date "2023.10.09"]
[Round "2"]
[White "Pedersen, Max Moe"]
[Black "Devnani, Kush"]
[Result "0-1"]
[WhiteElo "2064"]
[BlackElo "2221"]
[PlyCount "120"]
[EventDate "2023.10.08"]
[EventType "swiss"]
[EventRounds "9"]
[EventCountry "NOR"]
[SourceTitle "Mega2024 Update 01"]
[Source "Chessbase"]
[SourceDate "2023.11.12"]
[SourceVersion "1"]
[SourceVersionDate "2023.11.12"]
[SourceQuality "1"]

1. d4 d5 2. c4 c6 3. Nc3 Nf6 4. e3 e6 5. Nf3 Nbd7 6. Be2 Bd6 7. 0-0 0-0 8. b3 b6 9. Bb2 Bb7 10. Bd3 Re8 11. Re1 h6 12. Rc1 c5 13. cxd5 Nxd5 14. Nxd5 Bxd5 15. e4 Bb7 16. Bb5 Re7 17. Qd2 a6 18. Bf1 Re8 19. Rcd1 Bf8 20. Qf4 Qb8 21. Qh4 Qc7 22. dxc5 Nxc5 23. b4 Na4 24. Be5 Qe7 25. Qxe7 Bxe7 26. a3 Rad8 27. Bd3 Bf6 28. Bc2 Nb2 29. Rd6 Bxe5 30. Rxd8 Bxh2+ 31. Kxh2 Rxd8 32. Ne5 Rd2 33. Rc1 f6 34. Nf3 Rd6 35. Bb1 Rc6 36. Rxc6 Bxc6 37. Nd4 Bd7 38. f4 Kf8 39. Ba2 Ke7 40. Kg3 Kd6 41. Nf3 e5 42. fxe5+ fxe5 43. Nd2 Be6 44. Bxe6 Kxe6 45. Kg4 g6 46. g3 Kd6 47. Nf3 Nc4 48. a4 Ke6 49. Nh4 Kf6 50. Kf3 Nb2 51. b5 a5 52. Ng2 Nxa4 53. Ne3 Nc3 54. Nc4 Nxb5 55. Nxb6 Ke6 56. Ke3 h5 57. Na4 g5 58. Nb2 Nd6 59. Kf3 Kd7 60. Nd3 Nc4 0-1

[Event "Skalica op-A"]
[Site "Skalica"]
[Date "2023.08.24"]
[Round "6"]
[White "Devnani, Kush"]
[Black "Turcan, Richard"]
[Result "1-0"]
[WhiteElo "2163"]
[BlackElo "2406"]
[PlyCount "55"]
[EventDate "2023.08.19"]
[EventType "swiss"]
[EventRounds "9"]
[EventCountry "SVK"]
[SourceTitle "CBM 215 Extra"]
[Source "ChessBase"]
[SourceDate "2023.09.30"]
[SourceVersion "1"]
[SourceVersionDate "2023.09.30"]
[SourceQuality "1"]

1. d4 Nf6 2. c4 e6 3. Nf3 c5 4. d5 exd5 5. cxd5 d6 6. Nc3 g6 7. h3 Bg7 8. e4 0-0 9. Bd3 b5 10. Nxb5 Re8 11. 0-0 Nxe4 12. Bxe4 Rxe4 13. Nc3 Re8 14. Bg5 Qd7 15. Qd2 Na6 16. Bh6 Bh8 17. Qf4 f5 18. Rfe1 Bb7 19. Re6 Rxe6 20. dxe6 Qxe6 21. Re1 Be4 22. Nxe4 fxe4 23. Rxe4 Qf6 24. Qe3 Bg7 25. Qb3+ Kh8 26. Qb7 Nc7 27. Qxa8+ Nxa8 28. Re8+ 1-0

[Event "Belgrade Serbia op"]
[Site "Belgrade"]
[Date "2023.07.16"]
[Round "1"]
[White "Grozdanovic, Anastasia"]
[Black "Devnani, Kush"]
[Result "0-1"]
[WhiteElo "1980"]
[BlackElo "2155"]
[PlyCount "156"]
[EventDate "2023.07.16"]
[EventType "swiss"]
[EventRounds "9"]
[EventCountry "SRB"]
[SourceTitle "CBM 215 Extra"]
[Source "ChessBase"]
[SourceDate "2023.09.30"]
[SourceVersion "1"]
[SourceVersionDate "2023.09.30"]
[SourceQuality "1"]

1. d4 d5 2. c4 c6 3. Nf3 Nf6 4. Nc3 dxc4 5. a4 Bf5 6. Ne5 e6 7. g3 Nbd7 8. Nxc4 Nb6 9. Nxb6 axb6 10. Bg5 Be7 11. Bg2 0-0 12. 0-0 h6 13. Bf4 g5 14. Bc1 b5 15. e4 Bg6 16. e5 Nd5 17. Ne4 Kg7 18. f4 f5 19. Nc3 b4 20. Nxd5 cxd5 21. Be3 g4 22. Qd3 Qa5 23. Rfc1 Rfc8 24. Bf1 Be8 25. h3 h5 26. Rxc8 Rxc8 27. Qd1 Bd8 28. Be2 Kf8 29. Kf2 Qc7 30. Rc1 Bc6 31. Qb3 Qa5 32. Rc5 Bxa4 33. Qa2 Rxc5 34. dxc5 Bc6 35. Qb1 Be7 36. hxg4 hxg4 37. Qh1 Kg7 38. Qh5 Qd8 39. Bxg4 d4 40. Bd2 Be8 41. Qh2 fxg4 42. f5 exf5 43. Qh6+ Kf7 44. Bf4 Qd5 45. Qh5+ Ke6 46. Qxe8 Qf3+ 47. Kg1 Qd1+ 48. Kf2 Qc2+ 49. Kf1 Qb1+ 50. Kg2 Qxb2+ 51. Kf1 Qb1+ 52. Kg2 Qc2+ 53. Kf1 Qc4+ 54. Kg2 Qxc5 55. Qg6+ Kd5 56. Qxf5 Kc6 57. Qxg4 Qd5+ 58. Kf2 d3 59. Qc8+ Kb6 60. Be3+ Bc5 61. Bxc5+ Qxc5+ 62. Qxc5+ Kxc5 63. e6 b3 64. e7 b2 65. e8Q b1Q 66. Qc8+ Kd4 67. Qh8+ Kc4 68. Qc8+ Kb3 69. Qxb7+ Kc2 70. Qc6+ Kd1 71. Ke3 Qb3 72. Qh1+ Kc2 73. Qe4 Qb6+ 74. Kf3 Qf6+ 75. Ke3 Qh6+ 76. Kf3 Qh1+ 77. Ke3 Qxe4+ 78. Kxe4 d2 0-1

[Event "Budapest FS07 IM"]
[Site "Budapest"]
[Date "2023.07.09"]
[Round "8"]
[White "Devnani, Kush"]
[Black "Bhagat, Kush"]
[Result "1/2-1/2"]
[WhiteElo "2155"]
[BlackElo "2184"]
[PlyCount "80"]
[EventDate "2023.07.01"]
[EventType "swiss"]
[EventRounds "9"]
[EventCountry "HUN"]
[SourceTitle "EXT 2024"]
[Source "ChessBase"]
[SourceDate "2023.10.10"]
[SourceVersion "1"]
[SourceVersionDate "2023.10.10"]
[SourceQuality "1"]

1. d4 Nf6 2. c4 g6 3. Nc3 Bg7 4. e4 d6 5. Nf3 0-0 6. Be2 e5 7. Be3 Ng4 8. Bg5 f6 9. Bc1 Nc6 10. 0-0 Nh6 11. d5 Ne7 12. b4 a5 13. bxa5 Rxa5 14. a4 Nf7 15. Ba3 b6 16. Bb4 Ra8 17. Nb5 f5 18. Nd2 h5 19. exf5 Bxf5 20. Bc3 Ng5 21. Qb3 Kh7 22. f4 Nf7 23. Nf3 c6 24. dxc6 Nxc6 25. Rad1 Qe7 26. fxe5 dxe5 27. Kh1 Rad8 28. Bb2 Rxd1 29. Rxd1 Rd8 30. Ba3 Qf6 31. c5 Rxd1+ 32. Bxd1 Be6 33. Qc2 bxc5 34. Bxc5 Bd5 35. Nc3 Bxf3 36. Bxf3 Nd4 37. Bxd4 exd4 38. Ne4 Qf4 39. Qd2 Qxd2 40. Nxd2 Nd6 1/2-1/2

[Event "Budapest FS07 IM"]
[Site "Budapest"]
[Date "2023.07.07"]
[Round "6"]
[White "Ahluwalia, Amardip"]
[Black "Devnani, Kush"]
[Result "0-1"]
[WhiteElo "2160"]
[BlackElo "2155"]
[PlyCount "104"]
[EventDate "2023.07.01"]
[EventType "swiss"]
[EventRounds "9"]
[EventCountry "HUN"]
[SourceTitle "EXT 2024"]
[Source "ChessBase"]
[SourceDate "2023.10.10"]
[SourceVersion "1"]
[SourceVersionDate "2023.10.10"]
[SourceQuality "1"]

1. e4 c5 2. Nf3 d6 3. Bb5+ Nd7 4. 0-0 a6 5. Bd3 Ngf6 6. Re1 e6 7. c3 b5 8. Bc2 c4 9. d4 cxd3 10. Bxd3 Be7 11. c4 bxc4 12. Bxc4 0-0 13. Nc3 Bb7 14. Bb3 Rc8 15. Bc2 Qc7 16. Bf4 Rfd8 17. Rc1 Qb8 18. Qe2 Qa8 19. Nd2 e5 20. Bg3 g6 21. Nc4 a5 22. Na4 Qa7 23. Kh1 Rc6 24. f3 Ba6 25. Bd3 Rdc8 26. b3 Nh5 27. Bf2 Qb8 28. g3 Bd8 29. Rcd1 Bxc4 30. Bxc4 Nb6 31. Bxb6 Bxb6 32. Qd2 Bd8 33. Qd3 Qb4 34. Nc3 Nf6 35. Nb5 Bb6 36. a3 Qc5 37. Bd5 R6c7 38. Nxc7 Rxc7 39. Bc4 Rd7 40. Ra1 h5 41. Rec1 d5 42. Bxd5 Qe7 43. Ra2 h4 44. Kg2 Nh5 45. Qd2 Kg7 46. b4 Qf6 47. Rc6 h3+ 48. Kxh3 Qxf3 49. Rxb6 Nf4+ 50. Qxf4 exf4 51. Rb8 g5 52. Rc2 Qf1+ 0-1

[Event "Budapest FS07 IM"]
[Site "Budapest"]
[Date "2023.07.03"]
[Round "3"]
[White "Devnani, Kush"]
[Black "Gandhi, Anish"]
[Result "1/2-1/2"]
[WhiteElo "2155"]
[BlackElo "2257"]
[PlyCount "89"]
[EventDate "2023.07.01"]
[EventType "swiss"]
[EventRounds "9"]
[EventCountry "HUN"]
[SourceTitle "EXT 2024"]
[Source "ChessBase"]
[SourceDate "2023.10.10"]
[SourceVersion "1"]
[SourceVersionDate "2023.10.10"]
[SourceQuality "1"]

1. d4 d5 2. c4 e6 3. Nf3 Nf6 4. Nc3 a6 5. c5 Nc6 6. Bg5 h6 7. Bh4 g5 8. Bg3 Ne4 9. Ne5 Nxg3 10. Nxc6 bxc6 11. hxg3 e5 12. e3 Bg7 13. Qa4 exd4 14. exd4 Bd7 15. 0-0-0 0-0 16. Bd3 Rb8 17. Rd2 a5 18. a3 Qe7 19. Nd1 Rb7 20. Bb1 Rfb8 21. Qc2 f5 22. g4 fxg4 23. Qh7+ Kf8 24. Bf5 Bxf5 25. Qxf5+ Qf7 26. Qxg4 Re8 27. Rh3 Kg8 28. Re3 Rbb8 29. Rde2 Rxe3 30. Rxe3 Re8 31. Rxe8+ Qxe8 32. Ne3 a4 33. Kc2 Bf6 34. b3 axb3+ 35. Kxb3 h5 36. Qf5 Bxd4 37. Qxg5+ Kh7 38. Qf5+ Kh8 39. Qg5 Bg7 40. Ka2 d4 41. Nf5 Qe2+ 42. Kb1 Qd3+ 43. Ka2 Qc2+ 44. Ka1 Qc3+ 45. Ka2 1/2-1/2

[Event "Nova Gorica op 27th"]
[Site "Nova Gorica"]
[Date "2023.03.22"]
[Round "8"]
[White "Devnani, Kush"]
[Black "Herega, Nejc"]
[Result "1/2-1/2"]
[WhiteElo "2133"]
[BlackElo "2214"]
[PlyCount "42"]
[EventDate "2023.03.16"]
[EventType "swiss"]
[EventRounds "9"]
[EventCountry "SLO"]
[SourceTitle "CBM 213 Extra"]
[Source "ChessBase"]
[SourceDate "2023.05.31"]
[SourceVersion "1"]
[SourceVersionDate "2023.05.31"]
[SourceQuality "1"]

1. d4 Nf6 2. c4 e5 3. dxe5 Ng4 4. e3 Nxe5 5. Nc3 Nbc6 6. f4 Ng6 7. Bd3 Bb4 8. Bd2 0-0 9. Qh5 Bxc3 10. Bxc3 Qh4+ 11. Qxh4 Nxh4 12. g3 Ng6 13. Kf2 d6 14. Ne2 Bg4 15. Nd4 Nxd4 16. Bxd4 Rfe8 17. e4 Bd7 18. Rad1 Nf8 19. Bc3 Bc6 20. Rhe1 Nd7 21. Bc2 a5 1/2-1/2

[Event "Nova Gorica op 27th"]
[Site "Nova Gorica"]
[Date "2023.03.19"]
[Round "5"]
[White "Van Dael, Siem"]
[Black "Devnani, Kush"]
[Result "1-0"]
[WhiteElo "2312"]
[BlackElo "2133"]
[PlyCount "83"]
[EventDate "2023.03.16"]
[EventType "swiss"]
[EventRounds "9"]
[EventCountry "SLO"]
[SourceTitle "CBM 213 Extra"]
[Source "ChessBase"]
[SourceDate "2023.05.31"]
[SourceVersion "1"]
[SourceVersionDate "2023.05.31"]
[SourceQuality "1"]

1. e4 c6 2. d4 d5 3. Nc3 dxe4 4. Nxe4 Nf6 5. Nxf6+ exf6 6. c3 Bd6 7. Bd3 0-0 8. Qc2 Re8+ 9. Ne2 h5 10. 0-0 h4 11. h3 Nd7 12. c4 Nf8 13. b3 Be6 14. Bb2 Rc8 15. a4 Bc7 16. Ba3 Qd7 17. Rad1 Bb8 18. Bc1 Ng6 19. f4 f5 20. Qb1 a6 21. Kh1 Rcd8 22. Bb2 Qc8 23. Bc3 Nf8 24. Qb2 f6 25. Be1 Ng6 26. Qb1 Bd6 27. Rc1 Bd7 28. Bd2 Qb8 29. Rce1 Ne7 30. b4 Qc8 31. Qb3 Kh7 32. Nc3 Ng6 33. Rd1 Qb8 34. Ne2 b5 35. axb5 axb5 36. c5 Bc7 37. Qc2 Qc8 38. d5 cxd5 39. c6 Be6 40. Nd4 Bf7 41. Bxf5 Qb8 42. Nf3 1-0

[Event "Nova Gorica op 27th"]
[Site "Nova Gorica"]
[Date "2023.03.18"]
[Round "3"]
[White "Gruden, Matej"]
[Black "Devnani, Kush"]
[Result "1/2-1/2"]
[WhiteElo "1848"]
[BlackElo "2133"]
[PlyCount "81"]
[EventDate "2023.03.16"]
[EventType "swiss"]
[EventRounds "9"]
[EventCountry "SLO"]
[SourceTitle "CBM 213 Extra"]
[Source "ChessBase"]
[SourceDate "2023.05.31"]
[SourceVersion "1"]
[SourceVersionDate "2023.05.31"]
[SourceQuality "1"]

1. d4 d5 2. c4 e6 3. Nc3 c6 4. Nf3 Nf6 5. Bg5 Nbd7 6. e3 Qa5 7. cxd5 exd5 8. Nd2 Bd6 9. Bd3 h6 10. Bh4 0-0 11. 0-0 Qc7 12. Bg3 Bxg3 13. hxg3 Qd6 14. a3 a5 15. Qc2 Re8 16. Rab1 Nf8 17. b4 axb4 18. axb4 Ne6 19. Na4 b5 20. Nb6 Rb8 21. Nxc8 Rbxc8 22. Rfc1 Rc7 23. Nb3 Ng5 24. Bxb5 Ng4 25. Be2 Nxf2 26. Kxf2 Ne4+ 27. Kg1 Qxg3 28. Bf3 Ng5 29. Qf5 Rxe3 30. Nd2 g6 31. Qf6 Rce7 32. Rxc6 Re1+ 33. Nf1 Nh3+ 34. Kh1 Nf2+ 35. Kg1 Nh3+ 36. Kh1 Re8 37. Bxd5 Nf2+ 38. Kg1 Nh3+ 39. Kh1 Nf2+ 40. Kg1 Nh3+ 41. Kh1 1/2-1/2

[Event "Nova Gorica op 27th"]
[Site "Nova Gorica"]
[Date "2023.03.16"]
[Round "1"]
[White "Davies, Nigel Rodney"]
[Black "Devnani, Kush"]
[Result "1/2-1/2"]
[WhiteElo "2380"]
[BlackElo "2133"]
[PlyCount "84"]
[EventDate "2023.03.16"]
[EventType "swiss"]
[EventRounds "9"]
[EventCountry "SLO"]
[SourceTitle "CBM 213 Extra"]
[Source "ChessBase"]
[SourceDate "2023.05.31"]
[SourceVersion "1"]
[SourceVersionDate "2023.05.31"]
[SourceQuality "1"]

1. d4 d5 2. Nf3 Nf6 3. c4 c6 4. Qb3 dxc4 5. Qxc4 e6 6. g3 b5 7. Qc2 Bb7 8. Bg2 Nbd7 9. Nc3 c5 10. 0-0 b4 11. Na4 Rc8 12. dxc5 Nxc5 13. Ne5 Bxg2 14. Kxg2 Qd5+ 15. Nf3 Qc6 16. Nxc5 Bxc5 17. Bd2 0-0 18. Rac1 Qa6 19. Qc4 Qb7 20. Qb3 Rfd8 21. Be3 Bxe3 22. Qxe3 h6 23. Kg1 Qa6 24. Ne5 Rxc1 25. Rxc1 Qxa2 26. Nc6 Re8 27. Qe5 Kh7 28. Nxb4 Qb3 29. Nd3 Re7 30. Qd6 Qb7 31. Qd8 Qd7 32. Qa5 Qb7 33. Rc4 Nd5 34. b4 Rc7 35. Nc5 Qb6 36. Qa4 Nxb4 37. Nd7 Qd6 38. Nf8+ Kg8 39. Rxc7 Qxc7 40. Qxb4 Qc1+ 41. Kg2 Qc8 42. Qe7 Qxf8 1/2-1/2

[Event "Sitges Sunway op 9th"]
[Site "Sitges"]
[Date "2022.12.20"]
[Round "8"]
[White "Shaik, Sumer Arsh"]
[Black "Devnani, Kush"]
[Result "1-0"]
[WhiteElo "2290"]
[BlackElo "2134"]
[PlyCount "169"]
[EventDate "2022.12.12"]
[EventType "swiss"]
[EventRounds "10"]
[EventCountry "ESP"]
[SourceTitle "CBM 211 Extra"]
[Source "ChessBase"]
[SourceDate "2023.01.31"]
[SourceVersion "1"]
[SourceVersionDate "2023.01.31"]
[SourceQuality "1"]

1. d4 d5 2. c4 c6 3. Nc3 Nf6 4. cxd5 cxd5 5. Bf4 Nc6 6. e3 a6 7. Be2 Bf5 8. Nf3 Nh5 9. Be5 e6 10. 0-0 Be7 11. Rc1 0-0 12. Bd3 Bxd3 13. Qxd3 f6 14. Bg3 Nxg3 15. hxg3 f5 16. Na4 Bd6 17. Nc5 Qe7 18. Qb3 Rab8 19. Qa4 Rfc8 20. a3 Na7 21. b4 Rc7 22. Qb3 Rbc8 23. Rcd1 a5 24. Ne5 Bxe5 25. dxe5 axb4 26. axb4 Rc6 27. Qa4 b6 28. Nb3 Rc4 29. Ra1 Nc6 30. Qa6 Nxe5 31. Nd4 Qd7 32. Qxb6 Nc6 33. b5 Nxd4 34. exd4 R4c7 35. Rfe1 Kf7 36. Qa6 Rb8 37. Re3 Rcb7 38. Rae1 Rb6 39. Qa2 Qxb5 40. Qa7+ R6b7 41. Qa3 Re7 42. Re5 Qb4 43. Qe3 Rb6 44. Rc1 Qd6 45. g4 Rb8 46. gxf5 exf5 47. Qg3 Rd7 48. Rce1 Kg8 49. Qf3 Rf8 50. Rxf5 Rxf5 51. Qxf5 Rd8 52. Re6 Qc7 53. Qg5 h6 54. Rxh6 Qa5 55. Rg6 Rd7 56. Qe5 Qb5 57. Qe6+ Rf7 58. Rg3 Qb1+ 59. Kh2 Qh7+ 60. Rh3 Qf5 61. Qxf5 Rxf5 62. Kg3 Kf7 63. Rh4 Ke6 64. Rf4 Rh5 65. Kg4 Rh1 66. Kg5 Rb1 67. Kg6 Rb7 68. Rf8 Ra7 69. g4 Ra4 70. Rf4 Ra7 71. g5 Rb7 72. Kh7 Ra7 73. g6 Rb7 74. Kg8 Ra7 75. Kf8 Rb7 76. f3 Ra7 77. Rf7 Ra4 78. Kxg7 Rxd4 79. f4 Ra4 80. f5+ Kd6 81. f6 d4 82. Rf8 Ra7+ 83. f7 Rd7 84. Re8 d3 85. Re3 1-0

[Event "Sitges Sunway op 9th"]
[Site "Sitges"]
[Date "2022.12.17"]
[Round "6"]
[White "Labrovic, Jakov"]
[Black "Devnani, Kush"]
[Result "0-1"]
[WhiteElo "1891"]
[BlackElo "2134"]
[PlyCount "68"]
[EventDate "2022.12.12"]
[EventType "swiss"]
[EventRounds "10"]
[EventCountry "ESP"]
[SourceTitle "CBM 211 Extra"]
[Source "ChessBase"]
[SourceDate "2023.01.31"]
[SourceVersion "1"]
[SourceVersionDate "2023.01.31"]
[SourceQuality "1"]

1. e4 c5 2. d4 cxd4 3. Qxd4 Nc6 4. Qe3 Nf6 5. Nc3 d5 6. exd5 Nxd5 7. Nxd5 Qxd5 8. c4 Qe6 9. Ne2 g6 10. Nf4 Qxe3+ 11. Bxe3 Bg7 12. 0-0-0 0-0 13. Nd5 b6 14. Bd3 Bb7 15. Bg5 f6 16. Bf4 Rac8 17. Rhe1 e5 18. Bd2 Kf7 19. Kb1 Rfd8 20. f4 f5 21. g4 e4 22. Bf1 Nd4 23. gxf5 gxf5 24. Ne3 Nf3 25. Re2 Bh6 26. Nxf5 Bxf4 27. Kc2 Nxd2 28. Rexd2 Bxd2 29. Rxd2 Rxd2+ 30. Kxd2 Kf6 31. Nd4 Ke5 32. Ke3 Rf8 33. Bh3 Rd8 34. Bc8 Rxc8 0-1